000 00848nam a22002177a 4500
005 20250903114425.0
010 _aB-770198-212 ENG-146579 BACEN25
020 _a9788126940479
_c1495.00
035 _aB-770198-212
035 _aEN-130111
037 _bAtlantic publishers
037 _bDBAD
_aDPL
082 1 4 _a920
100 _aKandpal, vinay
_984555
245 1 _aNarendra Modi:
_bA Global transformative leader/
_cby vinay kandpal
260 _aNew Delhi
_bAtlantic publishers
_c2024
270 _a7/22, Ansari road,Daryaganj
_bNew Delhi
_e110002
300 _avii, 597p.
_c27cm. (Hb)
942 _adpl
_cEN
_2ddc
_h920
_mKAN
999 _c209490
_d209490